000 00365pam a2200157a 44500
008 230405s1995 xxu||||| |||| 00| 0 eng d
041 _aENG
100 _aV.Chetverikov
245 _aData Processing For Control & management
250 _a1
260 _a
_bMir pub Mascow
_c1995
300 _a374p,20.5cms
440 _a75
690 _aIMRDA
906 _a1205
999 _c254064
_d254064